The Oxford companion to wine / (Record no. 1087)

000 -LEADER
fixed length control field 01303nam a22003377a 4500
001 - CONTROL NUMBER
control field 2069409
003 - CONTROL NUMBER IDENTIFIER
control field OSt
005 - DATE AND TIME OF LATEST TRANSACTION
control field 20210426125206.0
008 - FIXED-LENGTH DATA ELEMENTS--GENERAL INFORMATION
fixed length control field 940621s1994 enkab b 000 0 eng
010 ## - LIBRARY OF CONGRESS CONTROL NUMBER
LC control number 94026509
020 ## - INTERNATIONAL STANDARD BOOK NUMBER
International Standard Book Number 0198661592 (acidfree) :
040 ## - CATALOGING SOURCE
Original cataloging agency DLC
Transcribing agency DLC
Modifying agency DLC
Language of cataloging eng
041 ## - LANGUAGE CODE
Language code of text/sound track or separate title eng
050 00 - LIBRARY OF CONGRESS CALL NUMBER
Classification number TP548
Item number .O76 1994
080 ## - UNIVERSAL DECIMAL CLASSIFICATION NUMBER
Universal Decimal Classification number 663.2
Item number R-67
082 00 - DEWEY DECIMAL CLASSIFICATION NUMBER
Classification number 641.2/2
Edition number 20
100 ## - MAIN ENTRY--PERSONAL NAME
9 (RLIN) 741
Personal name Robinson, Jancis
Relator term Editor
245 04 - TITLE STATEMENT
Title The Oxford companion to wine /
Statement of responsibility, etc. edited by Jancis Robinson.
Remainder of title / by: Oxford University Press
260 ## - PUBLICATION, DISTRIBUTION, ETC.
Place of publication, distribution, etc. Oxford ;
-- New York
Name of publisher, distributor, etc. Oxford University Press
Date of publication, distribution, etc. 1994.
300 ## - PHYSICAL DESCRIPTION
Extent xvi, 1088 p.
Other physical details ill. (some col.), maps
Dimensions 26 cm.
365 ## - TRADE PRICE
Price amount 45.95 usd
504 ## - BIBLIOGRAPHY, ETC. NOTE
Bibliography, etc. note Includes bibliographical references.
650 #0 - SUBJECT ADDED ENTRY--TOPICAL TERM
Topical term or geographic name entry element Wine and wine making.
653 ## - INDEX TERM--UNCONTROLLED
Uncontrolled term მეღვინეობა
700 1# - ADDED ENTRY--PERSONAL NAME
Personal name Robinson, Jancis.
Relator term Editor
856 42 - ELECTRONIC LOCATION AND ACCESS
Materials specified Publisher description
Uniform Resource Identifier <a href="http://www.loc.gov/catdir/enhancements/fy0635/94026509-d.html">http://www.loc.gov/catdir/enhancements/fy0635/94026509-d.html</a>
856 42 - ELECTRONIC LOCATION AND ACCESS
Materials specified Contributor biographical information
Uniform Resource Identifier <a href="http://www.loc.gov/catdir/enhancements/fy0722/94026509-b.html">http://www.loc.gov/catdir/enhancements/fy0722/94026509-b.html</a>
906 ## - LOCAL DATA ELEMENT F, LDF (RLIN)
a 7
b cbc
c orignew
d 1
e ocip
f 19
g y-gencatlg
942 ## - ADDED ENTRY ELEMENTS (KOHA)
Source of classification or shelving scheme
Koha item type Books
Holdings
Withdrawn status Lost status Source of classification or shelving scheme Damaged status Not for loan Permanent location Current location Date acquired Inventory number Total Checkouts Full call number Barcode Date last seen Price effective from Koha item type
          Ken Walker International University Ken Walker International University 02/01/2021 2522   663.2 R-67 2522 02/01/2021 02/01/2021 Books

Powered by Koha